Riconosci la Stato degli Stati Uniti - Quiz n°8 - Statistics

Statistiche generali
  • Questo quiz è stato fatto 7 volte
  • Il punteggio medio è 8 su 10
Statistiche sulle risposte
Indizio Risposta % Corretto
Iniziale della Capitale R
100%
Fuso orario UTC-5
100%
Superficie 110 862 km²
86%
Popolazione 8 470 020 ab.
86%
Altitudine 0 - 1 746 m s.l.m.
71%
Rappresentanza parlamentare 11 Rappresentanti: 7 R, 4 D 2 Senatori: Mark Warner (D), Tim Kaine (D)
71%
Data di istituzione 25 giugno 1788
71%
Numero stati confinanti 5
71%
Numero contee 95
71%
Stato federale Virginia
71%
Nessun quiz corrispondente trovato
Distribuzione punteggi
Percentuale di utenti per punteggio
Percentile per numero di risposta
I tuoi punteggi nel tempo
Non hai fatto questo quiz